| 000 | 00000nam##2200000za#4500 |
| 001 | 9.589872 |
| 003 | CaOODSP |
| 005 | 20210624195844 |
| 007 | cr ||||||||||| |
| 008 | 150406|1988||||xxc|||||o f|0| 0 fre|d |
| 022 | |a1488-5379 |
| 040 | |aCaOODSP|bfre |
| 041 | |aeng |
| 041 | |afre |
| 043 | |an-cn--- |
| 086 | 1 |aFs97-6/1607-PDF |
| 110 | 1 |aCanada. |bMinistère des pêches et des océans. |
| 245 | 10|aCompte rendu des communications du quatorzième atelier annuel sur la toxicité aquatique du 2-4 novembre, 1987, Toronto, Ontario / |h[ressource électronique]|cÉditeurs, A.J. Niimi and K.R. Solomon. |
| 260 | |aBurlington - Ontario : |bPêches et Océans Canada |c1988. |
| 300 | |a220p.|bfigures, références, tableaux |
| 490 | 1 |aRapport technique canadien des sciences halieutiques et aquatiques|x1488-5379|vN° 1607 |
| 500 | |aSur la p. de t.: ... Institut Bayfield (LGLPSA), Burlington, Ontario. |
| 546 | |aTextes préliminaires en français et en anglais. Les articles en leurs langues originales. |
| 590 | |a14-03-Supp|b2014-01-17 |
| 720 | 1 |aNiimi, A. J. |
| 720 | 1 |aSolomon, K. R. |
| 791 | |tProceedings of the Fourteenth Annual Aquatic Toxicity Workshop – November 2-4, 1987, Toronto, Ontario / |eeng|w(CaOODSP)9.589871 |
| 830 | #0|aRapport technique canadien des sciences halieutiques et aquatiques,|x1488-5379|vN° 1607|w(CaOODSP)9.500270 |
| 856 | 40|ahttp://publications.gc.ca|qPDF|s9002 Ko|uhttps://publications.gc.ca/collections/collection_2014/mpo-dfo/Fs97-6-1607.pdf|yN° 1607 |